[Event "Cheliabinsk Kibizov Memorial 8th"]
[Site "Cheliabinsk"]
[Date "2013.06.30"]
[Round "9"]
[White "Malev, Boris"]
[Black "Talypov, Ildar"]
[Result "1-0"]
[WhiteElo "1836"]
[BlackElo "1615"]
[PlyCount "73"]
[EventDate "2013.06.22"]
[EventType "swiss"]
[EventRounds "9"]
[EventCountry "RUS"]
[SourceTitle "EXT 2014"]
[Source "ChessBase"]
[SourceDate "2013.11.20"]
[SourceVersion "1"]
[SourceVersionDate "2013.11.20"]
[SourceQuality "1"]

1. e4 e6 2. d3 d5 3. Nd2 dxe4 4. dxe4 Bc5 5. Ngf3 Nf6 6. Bc4 0-0 7. 0-0 Nc6 8. Qe2 Nd4 9. Nxd4 Bxd4 10. e5 Nd5 11. Qe4 Ne7 12. Nf3 Bc5 13. b4 Bb6 14. Bb2 Ng6 15. h4 Ne7 16. Bd3 g6 17. c4 a5 18. a3 Bd7 19. b5 Nf5 20. Rfd1 Qe7 21. a4 Rfd8 22. Qf4 Bc5 23. Ng5 Bb4 24. g3 Ng7 25. Ne4 Ne8 26. h5 c6 27. Kg2 cxb5 28. cxb5 Rac8 29. hxg6 fxg6 30. Ng5 Ng7 31. Nxh7 Kxh7 32. Rh1+ Kg8 33. Qh6 Bc6+ 34. bxc6 Rxd3 35. Qh8+ Kf7 36. Qxc8 bxc6 37. Rh8 1-0

[Event "Cheliabinsk Kibizov Memorial 8th"]
[Site "Cheliabinsk"]
[Date "2013.06.25"]
[Round "4"]
[White "Malev, Boris"]
[Black "Filippov, Alexey"]
[Result "0-1"]
[WhiteElo "1836"]
[BlackElo "2071"]
[PlyCount "46"]
[EventDate "2013.06.22"]
[EventType "swiss"]
[EventRounds "9"]
[EventCountry "RUS"]
[SourceTitle "EXT 2014"]
[Source "ChessBase"]
[SourceDate "2013.11.20"]
[SourceVersion "1"]
[SourceVersionDate "2013.11.20"]
[SourceQuality "1"]

1. e4 c6 2. d4 d5 3. e5 Bf5 4. Nf3 e6 5. Be2 c5 6. 0-0 Nc6 7. Nc3 h6 8. Be3 Qa5 9. a3 c4 10. Nh4 Nge7 11. g4 Bh7 12. f4 h5 13. gxh5 Nf5 14. Nxf5 Bxf5 15. Bg4 g6 16. hxg6 fxg6 17. Bf3 a6 18. Qd2 Rc8 19. Rab1 Qc7 20. Bf2 Qh7 21. Bg3 Nxd4 22. Bd1 Bc5 23. Kh1 Qh3 0-1

[Event "Cheliabinsk-ch sf"]
[Site "Cheliabinsk"]
[Date "2012.12.17"]
[Round "3"]
[White "Mokshantsev, Anton"]
[Black "Malev, Boris"]
[Result "1-0"]
[WhiteElo "1700"]
[BlackElo "1904"]
[PlyCount "85"]
[EventDate "2012.12.13"]
[EventType "swiss"]
[EventRounds "9"]
[EventCountry "RUS"]
[SourceTitle "EXT 2022"]
[Source "ChessBase"]
[SourceDate "2021.10.06"]
[SourceVersion "1"]
[SourceVersionDate "2021.10.06"]
[SourceQuality "1"]

1. c4 e5 2. Nc3 Nc6 3. Nf3 Nf6 4. g3 d5 5. cxd5 Nxd5 6. Bg2 Nb6 7. 0-0 Be7 8. d3 0-0 9. Be3 Be6 10. Ne4 Nd5 11. Bc5 f6 12. Rc1 b6 13. Bxe7 Ncxe7 14. d4 exd4 15. Nxd4 Bd7 16. Nc3 Nxc3 17. Rxc3 Rc8 18. Qb3+ Rf7 19. Ne6 Bxe6 20. Qxe6 Kf8 21. Rd3 Qe8 22. Rd7 Rd8 23. Rxc7 Nc8 24. Rxf7+ Qxf7 25. Qc6 Qd7 26. Qxd7 Rxd7 27. Bh3 Rc7 28. Rd1 Ke7 29. Bxc8 Rxc8 30. Rd2 h5 31. Kg2 g5 32. f4 Rc5 33. fxg5 fxg5 34. e4 g4 35. Kf2 Rc1 36. Ke3 Rf1 37. Rf2 Rb1 38. Kf4 Kf6 39. e5+ Ke6 40. Kg5 Kxe5 41. Kxh5 Ke4 42. Kxg4 Ke3 43. Rg2 1-0